Mcroprocessor Architecture, Programming and ApplIcation with the 8085/8080A (Record no. 229)

MARC details
000 -LEADER
fixed length control field 00518nam a22001817a 4500
005 - DATE AND TIME OF LATEST TRANSACTION
control field 20180202125224.0
008 - FIXED-LENGTH DATA ELEMENTS--GENERAL INFORMATION
fixed length control field 160429b xxu||||| |||| 00| 0 eng d
020 ## - INTERNATIONAL STANDARD BOOK NUMBER
ISBN 81-2240710-2
041 ## - LANGUAGE CODE
Language code of text/sound track or separate title eng
082 ## - DEWEY DECIMAL CLASSIFICATION NUMBER
Item number 00749
Classification number 005.165
100 ## - MAIN ENTRY--AUTHOR NAME
Personal name Gaonkar, Ramesh
245 ## - TITLE STATEMENT
Title Mcroprocessor Architecture, Programming and ApplIcation with the 8085/8080A
250 ## - EDITION STATEMENT
Edition statement 2ND ED.
260 ## - PUBLICATION, DISTRIBUTION, ETC. (IMPRINT)
Place of publication New Delhi
Name of publisher New Age Internation (P) Ltd Pub.
Year of publication 1996
300 ## - PHYSICAL DESCRIPTION
Number of Pages 720
650 ## - SUBJECT ADDED ENTRY--TOPICAL TERM
Topical Term Information Technology
942 ## - ADDED ENTRY ELEMENTS (KOHA)
Koha item type Books
Holdings
Lost status Damaged status Collection code Home library Current library Shelving location Date acquired Source of acquisition Cost, normal purchase price Full call number Accession Number Koha item type
    CS/IT JRU Library JRU Library SHELF-48-J 29/04/2016 PURCHASE 195.00 005.165 00749 Books